书目信息 |
| 题名: |
社会保险
|
|
| 作者: | 林义 主编 | |
| 分册: | ||
| 出版信息: | 北京 中国金融出版社 1998.05 |
|
| 页数: | 301页 | |
| 开本: | 20cm | |
| 丛书名: | ||
| 单 册: | ||
| 中图分类: | F842.61 | |
| 科图分类: | ||
| 主题词: | 保险 | |
| 电子资源: | ||
| ISBN: | 7-5049-2934-4 | |
| 000 | 00563nam0 2200205 450 | |
| 001 | 0961245137 | |
| 005 | 20091201170231.92 | |
| 010 | @a7-5049-2934-4@dCNY25.00 | |
| 100 | @a20091201d1998 km y0chiy0120 ea | |
| 101 | 0 | @achi |
| 102 | @aCN@b110000 | |
| 200 | 1 | @a社会保险@Ashe hui bao xian@f林义主编@Flin yi zhu bian |
| 205 | @a2版 | |
| 210 | @a北京@c中国金融出版社@d1998.05 | |
| 215 | @a301页@d20cm | |
| 606 | 0 | @a保险 |
| 690 | @aF842.61@v4 | |
| 701 | 0 | @a林义@Alin yi@4主编 |
| 801 | 0 | @aCN@b大连网信软件有限公司图书馆·11@c20091201 |
| 905 | @aZUCC@dF842.61@eL523 | |
| 社会保险/林义主编.-2版.-北京:中国金融出版社,1998.05 |
| 301页;20cm |
| ISBN 7-5049-2934-4:CNY25.00 |
| ● |
| 相关链接 |
|
|
|
正题名:社会保险
索取号:F842.61/L523
 
预约/预借
| 序号 | 登录号 | 条形码 | 馆藏地/架位号 | 状态 | 备注 |
| 1 | 890969 | 208909699 | 社科库409/409社科库 55排4列1层/ [索取号:F842.61/L523] | 在馆 | |
| 2 | 890970 | 208909706 | 社科库409/409社科库 55排4列1层/ [索取号:F842.61/L523] | 在馆 | |
| 3 | 890971 | 208909715 | 社科库409/409社科库 55排4列1层/ [索取号:F842.61/L523] | 在馆 |